|
|
|
|
| LEADER |
00000naa2a2200000 4500 |
| 001 |
183288 |
| 005 |
20251205141915.0 |
| 035 |
|
|
|a (RuTPU)RU\TPU\book\198685
|
| 090 |
|
|
|a 183288
|
| 100 |
|
|
|a 20100709d2004 k y0rusy50 ca
|
| 101 |
0 |
|
|a rus
|
| 102 |
|
|
|a RU
|
| 200 |
1 |
|
|a Композиционные керамические биоматериалы
|f В. В. Горбатенко, С. Г. Антонова, В. В. Погребенкова
|
| 461 |
|
1 |
|0 (RuTPU)RU\TPU\book\66154
|t Современные техника и технологии
|o X Юбилейная международная научно-практическая конференция студентов, аспирантов и молодых ученых, посвященная 400-летию г. Томска, Томск, 29 марта - 2 апреля 2004 г.
|o труды
|f Томский политехнический университет
|d 2004
|
| 463 |
|
0 |
|0 (RuTPU)RU\TPU\book\65883
|t Т. 2
|v С. 14-15
|d 2004
|
| 610 |
1 |
|
|a биоматериалы
|
| 610 |
1 |
|
|a композиционные материалы
|
| 610 |
1 |
|
|a керамические биоматериалы
|
| 610 |
1 |
|
|a волластонит
|
| 610 |
1 |
|
|a диопсид
|
| 610 |
1 |
|
|a труды учёных ТПУ
|
| 700 |
|
1 |
|a Горбатенко
|b В. В.
|c химик
|c доцент Томского политехнического университета, кандидат технических наук
|f 1978-
|g Виктория Валерьевна
|3 (RuTPU)RU\TPU\pers\28710
|
| 701 |
|
1 |
|a Антонова
|b С. Г.
|c химик
|c инженер-проектировщик Томского политехнического университета, аспирант
|f 1984-
|g Светлана Геннадьевна
|3 (RuTPU)RU\TPU\pers\25850
|
| 701 |
|
1 |
|a Погребенкова
|b В. В.
|c химик-технолог
|c инженер Томского политехнического университета
|f 1984-
|g Валерия Валерьевна
|3 (RuTPU)RU\TPU\pers\27730
|
| 801 |
|
1 |
|a RU
|b 63413507
|c 20100709
|
| 801 |
|
2 |
|a RU
|b 63413507
|c 20140905
|g RCR
|
| 942 |
|
|
|c BK
|